Abstracts of patents relating to rubber latex: A supplement to rubber latex (Record no. 20181)

MARC details
000 -LEADER
fixed length control field 00347nam a2200121Ia 4500
082 ## - DEWEY DECIMAL CLASSIFICATION NUMBER
Classification number NR:62:678.061(088.8)
Item number DAW
100 ## - MAIN ENTRY--AUTHOR NAME
Personal name Dawson, T R
245 #0 - TITLE STATEMENT
Title Abstracts of patents relating to rubber latex: A supplement to rubber latex
260 ## - PUBLICATION, DISTRIBUTION, ETC. (IMPRINT)
Place of publication London
Year of publication 1942
700 ## - ADDED ENTRY--PERSONAL NAME
Personal name Parris, R W
942 ## - ADDED ENTRY ELEMENTS (KOHA)
Koha item type Books
Holdings
Withdrawn status Lost status Damaged status Not for loan Home library Current library Date acquired Full call number Accession Number Koha item type
        RRII Library RRII Library 16/12/2021 NR:62:678.061(088.8) DAW 00909 Books